Corporate Finance/ (Record no. 185294)
[ view plain ]
| 000 -LEADER | |
|---|---|
| fixed length control field | 00782nam a22002297a 4500 |
| 005 - DATE AND TIME OF LATEST TRANSACTION | |
| control field | 20220201152515.0 |
| 010 ## - LCCN (DPL NO) | |
| LC control number | ENG-131352 |
| 020 ## - INTERNATIONAL STANDARD BOOK NUMBER | |
| International Standard Book Number | 9789390727926 |
| Terms of availability | 895.00 |
| 035 ## - SYSTEM CONTROL NUMBER | |
| System control number | EN-114884 |
| 037 ## - SOURCE OF ACQUISITION | |
| Source of stock number/acquisition | DBAD |
| 082 ## - DEWEY DECIMAL CLASSIFICATION NUMBER | |
| Classification number | 658.15 |
| 100 ## - MAIN ENTRY--PERSONAL NAME | |
| Personal name | Ross, Stephen A. |
| 245 ## - TITLE STATEMENT | |
| Title | Corporate Finance/ |
| Statement of responsibility, etc | Stephen A. Ross, Randolph W. Westerfield, Jeffrey Jaffe, Bradford D. Jordan, Ram Kumar Kakani |
| 260 ## - PUBLICATION, DISTRIBUTION, ETC. (IMPRINT) | |
| Place of publication, distribution, etc | Chennai |
| Name of publisher, distributor, etc | McGraw Hill Education Private Limited |
| Date of publication, distribution, etc | 2021 |
| 270 ## - ADDRESS | |
| City | Chennai |
| Address | Anjana Complex No. 5/90 A, Butt Road, St. Thomas Mount |
| Postal code | 600016 |
| 300 ## - PHYSICAL DESCRIPTION | |
| Extent | 1066p. |
| Other physical details | Index |
| Dimensions | 24cm(pbk) |
| 700 ## - ADDED ENTRY--PERSONAL NAME | |
| Personal name | Westerfield, Randolph W. |
| 700 ## - ADDED ENTRY--PERSONAL NAME | |
| Personal name | Jaffe, Jeffrey |
| 700 ## - ADDED ENTRY--PERSONAL NAME | |
| Personal name | Jordan, Bradford D. |
| 700 ## - ADDED ENTRY--PERSONAL NAME | |
| Personal name | Kakani, Ram Kumar |
| 942 ## - ADDED ENTRY ELEMENTS (KOHA) | |
| Source of classification or shelving scheme | Dewey Decimal Classification |
| Item type | English Books |
| Classification part | 658.15 |
| Call number suffix | ROS |
| Withdrawn status | Lost status | Not for loan | Collection code | Home library | Current library | Date acquired | Source of acquisition | Cost, normal purchase price | Full call number | Barcode | Copy number | Cost, replacement price | Koha item type |
|---|---|---|---|---|---|---|---|---|---|---|---|---|---|
| Non-fiction | Ashok Vihar | Ashok Vihar | 01/02/2022 | DBAD/PUB | 895.00 | 658.15 ROS | EN-114884 | 1 | 895.00 | English Books |
